| 000 | 00871pam a2200289 a 4500 | ||
|---|---|---|---|
| 001 | 4173154 | ||
| 003 | OSt | ||
| 005 | 20150408114047.0 | ||
| 008 | 120624s2003 stka | 001 0 eng | ||
| 020 | _a9780808923886 | ||
| 040 | _cMU | ||
| 082 | 0 | 4 |
_a611.00222 W J I _221 |
| 100 | 1 |
_aWeir, Jamie. _916283 |
|
| 245 | 1 | 0 |
_aImaging atlas of human anatomy / _cJamie Weir, Peter H. Abrahams with four contributors, Anna-Maria Belli ... [et al.]. |
| 250 | _a3rd ed. | ||
| 260 |
_aEdinburgh : _bMosby, _c2003. |
||
| 300 |
_axiii, 226 p. : _bill. ; _c31 cm. |
||
| 500 | _aPrevious ed.: 1997. | ||
| 504 | _aIncludes index. | ||
| 650 | 4 |
_aHuman anatomy _vAtlases. _910617 |
|
| 650 | 4 |
_aDiagnostic imaging _vAtlases. |
|
| 650 | 4 |
_aAnatomy _vAtlases. |
|
| 650 | 4 |
_aDiagnostic Imaging _vAtlases. |
|
| 700 | 1 |
_aAbrahams, Peter H. _916061 |
|
| 942 |
_2ddc _cDVD |
||
| 999 |
_c24266 _d258766 |
||